|
|
|
|
| LEADER |
01693nam a2200445Ia 4500 |
| 001 |
EBC168434 |
| 003 |
MiAaPQ |
| 005 |
20200520144314.0 |
| 006 |
m o d | |
| 007 |
cr cn||||||||| |
| 008 |
950516s1996 enk sb 001 0 eng d |
| 010 |
|
|
|z 95021628
|
| 020 |
|
|
|z 0203434226
|
| 020 |
|
|
|z 0415128781
|
| 035 |
|
|
|a (MiAaPQ)EBC168434
|
| 035 |
|
|
|a (Au-PeEL)EBL168434
|
| 035 |
|
|
|a (CaPaEBR)ebr10057703
|
| 035 |
|
|
|a (CaONFJC)MIL20230
|
| 035 |
|
|
|a (OCoLC)647375306
|
| 040 |
|
|
|a MiAaPQ
|c MiAaPQ
|d MiAaPQ
|
| 050 |
|
4 |
|a HB94
|b .A85 1996
|
| 082 |
0 |
4 |
|a 330.15/3
|2 20
|
| 100 |
1 |
|
|a Aspromourgos, Tony,
|d 1957-
|
| 245 |
1 |
0 |
|a On the origins of classical economics
|h [electronic resource] :
|b distribution and value from William Petty to Adam Smith /
|c Tony Aspromourgos.
|
| 260 |
|
|
|a London ;
|a New York :
|b Routledge,
|c 1996.
|
| 300 |
|
|
|a xiii, 222 p.
|
| 490 |
1 |
|
|a Routledge studies in the history of economics,
|x 1349-7906 ;
|v 4
|
| 504 |
|
|
|a Includes bibliographical references (p. 210-218) and index.
|
| 533 |
|
|
|a Electronic reproduction. Ann Arbor, MI : ProQuest, 2015. Available via World Wide Web. Access may be limited to ProQuest affiliated libraries.
|
| 600 |
1 |
0 |
|a Petty, William,
|c Sir,
|d 1623-1687.
|
| 600 |
1 |
0 |
|a Cantillon, Richard,
|d d. 1734.
|
| 600 |
1 |
0 |
|a Smith, Adam,
|d 1723-1790.
|
| 650 |
|
0 |
|a Classical school of economics.
|
| 650 |
|
0 |
|a Economics
|x History.
|
| 650 |
|
0 |
|a Distribution (Economic theory)
|
| 650 |
|
0 |
|a Value.
|
| 655 |
|
4 |
|a Electronic books.
|
| 710 |
2 |
|
|a ProQuest (Firm)
|
| 830 |
|
0 |
|a Routledge studies in the history of economics ;
|v 4.
|
| 856 |
4 |
0 |
|u https://ebookcentral.proquest.com/lib/matrademy/detail.action?docID=168434
|z Click to View
|